=LDR 00000nam 2200000 4500 =001 INLIS000000000006891 =005 20130612094958 =008 ***********************************Ind** =035 ##$$0010-061300000006891 =041 ##$$a Ind =082 ##$$a 813 =090 ##$$a 813, Sat s =100 ##$$a Sati, Tulis Sutan =245 ##$$a Sengsara membawa nikmat, Tulis Sutan Stai =260 ##$$a 2001 $b Jakarta =300 ##$$a 192 hlm., Ilus., 21 cm =650 ##$$a Fiksi Indonesia =850 ##$$a NBPNMAT